Online
Catalog

El servicio de consulta / (Record no. 22432)

MARC details
000 -CABECERA
campo de control de longitud fija 01000nam a2200277 a 4500
001 - NÚMERO DE CONTROL
campo de control 000022935
005 - FECHA Y HORA DE LA ÚLTIMA TRANSACCIÓN
campo de control 20200930021900.0
008 - DATOS DE LONGITUD FIJA--INFORMACIÓN GENERAL
campo de control de longitud fija 101123s2004 mx a r 000 | spa d
020 ## - NÚMERO INTERNACIONAL ESTÁNDAR DEL LIBRO
Número Internacional Estándar del Libro 9701865588
040 ## - FUENTE DE LA CATALOGACIÓN
Centro catalogador/agencia de origen DO-SdBNP
Lengua de catalogación spa
Centro/agencia transcriptor BNPHU
082 ## - NÚMERO DE LA CLASIFICACIÓN DECIMAL DEWEY
Número de clasificación 025.52
Número de documento/Ítem S491c, 2003
049 ## - FONDOS LOCALES (OCLC)
Fondos de biblioteca BNGR
245 13 - MENCIÓN DE TÍTULO
Título El servicio de consulta /
Mención de responsabilidad, etc. Dirección Nacional de Bibliotecas.
250 ## - MENCIÓN DE EDICIÓN
Mención de edición 2a ed.
260 ## - PUBLICACIÓN, DISTRIBUCIÓN, ETC.
Lugar de publicación, distribución, etc. México D. F. :
Nombre del editor, distribuidor, etc. Consejo Nacional para la Cultura y las Artes(CONACULTA),
Fecha de publicación, distribución, etc. 2004.
300 ## - DESCRIPCIÓN FÍSICA
Extensión 48 p. :
Otras características físicas il. ;
Dimensiones 21 cm.
490 1# - MENCIÓN DE SERIE
Mención de serie Apoyo a la Capacitación Bibliotecario
490 1# - MENCIÓN DE SERIE
Mención de serie Instructivos
500 ## - NOTA GENERAL
Nota general segunda reimpresión de la segunda edición
610 ## - PUNTO DE ACCESO ADICIONAL DE MATERIA--NOMBRE DE ENTIDAD CORPORATIVA
Nombre de entidad corporativa o nombre de jurisdicción como elemento de entrada Dirección Nacional de Bibliotecas
9 (RLIN) 47145
650 #4 - PUNTO DE ACCESO ADICIONAL DE MATERIA--TÉRMINO DE MATERIA
Término de materia o nombre geográfico como elemento de entrada Servicios de consulta (bibliotecas)
9 (RLIN) 47154
650 #4 - PUNTO DE ACCESO ADICIONAL DE MATERIA--TÉRMINO DE MATERIA
Término de materia o nombre geográfico como elemento de entrada Fuentes de información
9 (RLIN) 47155
730 0# - PUNTO DE ACCESO ADICIONAL--TÍTULO UNIFORME
Título uniforme Apoyo a la Capacitación Bibliotecario
9 (RLIN) 47146
730 0# - PUNTO DE ACCESO ADICIONAL--TÍTULO UNIFORME
Título uniforme Instructivos
9 (RLIN) 47147
830 #0 - PUNTO DE ACCESO ADICIONAL DE SERIE-TÍTULO UNIFORME
Título uniforme Apoyo a la Capacitación Bibliotecario
Nombre de parte o sección de la obra Instructivos
9 (RLIN) 47156
Holdings
Estado de retiro Estado de pérdida Restricciones de uso No para préstamo Código de colección Localización permanente Ubicación/localización actual Ubicación en estantería Fecha de adquisición Número de inventario Total de préstamos Signatura topográfica completa Código de barras Fecha visto por última vez Precio válido a partir de Tipo de ítem Koha
      Excluido de préstamo Monografías: Libros y Folletos General General En catalogación 23.11.2010 LF1   025.52 S491c, 2003 22935-10 25.06.2020 25.06.2020 No se presta

Powered by Koha